| 000 | 02014cam a2200457 a 4500 | ||
|---|---|---|---|
| 001 | sjds1061774 | ||
| 003 | sjds | ||
| 005 | 20250111093410.0 | ||
| 008 | 110206s2011 nyua b 000 1 spa d | ||
| 020 | _a9780545341189 (pbk.) | ||
| 020 | _a0545341183 (pbk.) | ||
| 035 | _a463005 | ||
| 035 | _a(OCoLC)701018737 | ||
| 035 | _a463005 | ||
| 040 |
_aBTCTA _beng _cBTCTA _dBKX _dIFA _dUtOrBLW |
||
| 041 | 1 |
_aspa _heng |
|
| 049 | _aIFAA | ||
| 099 | _aESPANOL EASY READERS BRIDWELL 2011 | ||
| 100 | 1 |
_aBridwell, Norman, _eauthor. |
|
| 240 | 1 | 0 |
_aClifford goes to the doctor. _lSpanish |
| 245 | 1 | 0 |
_aClifford va al doctor / _cNorman Bridwell. |
| 250 | _aFirst edition. | ||
| 260 |
_aNew York _bScholastic, _c2011. |
||
| 264 | 1 |
_aNew York : _bScholastic, _c2011. |
|
| 300 |
_a1 volume (unpaged) : _bcolor illustrations ; _c23 cm. |
||
| 336 |
_atext _btxt _2rdacontent |
||
| 337 |
_aunmediated _bn _2rdamedia |
||
| 338 |
_avolume _bnc _2rdacarrier |
||
| 490 | 1 | _aLector de Scholastic. Nivel 1 | |
| 500 | _aTranslation of: Clifford goes to the doctor. | ||
| 520 | _a"Clifford goes for his annual checkup, and Dr. Smart has to be very creative to check Clifford's heartbeat, look into his mouth, ears, and eyes, because Clifford is so big. Clifford is very brave when he has to get his shot, and he gets a treat at the end!"--booktopia.com | ||
| 520 | _a"Cuando Clifford va al doctor la Dra. Sagaz tiene que ser muy creativa para poder escuchar su corazón y examinarle la boca, los ojos y los oídos porque Clifford es demasiado grande. Clifford se porta muy bien cuando lo vacunan y �hasta recibe una galletita al final de la visita!"--booktopia.com | ||
| 526 | 0 |
_aAccelerated Reader _bLG _c1.7 _d0.5 _z147042SP |
|
| 546 | _aText in Spanish. | ||
| 650 | 0 |
_aVeterinary medicine _vJuvenile fiction. |
|
| 650 | 0 |
_aDogs _vJuvenile fiction. |
|
| 650 | 7 |
_aVeterinaria _vNovela juvenil. _2bidex |
|
| 650 | 7 |
_aPerros _vNovela juvenil. _2bidex |
|
| 830 | 0 |
_aLector de Scholastic. _nNivel 1. |
|
| 942 |
_cBK _2ddc |
||
| 999 |
_c18944 _d18944 |
||